000 00481nam a2200169Ia 4500
999 _c35410
_d35410
003 OSt
005 20201216102836.0
008 190216s9999||||xx |||||||||||||| ||und||
040 _coclc
082 _a612.825
_bBAI/T
100 _aBailey, Ronald H
_92863
245 4 _aThe Role Of The Brain /
_cRonald H Bailey
260 _bTime Life Books,
_aVirginia:
_c1975.
300 _a176p
650 _aZoology
942 _cREF
_2ddc
_h612.825
_iBAI/T
_k612.825
_mBAI/T